000 00508nam a2200229Ia 4500
003 IT-RoPAU
008 120407s9999 xx 000 0 und d
040 _aIT-RoPAU
040 _cIT-RoPAU
041 _aita
100 _aTullo Goffi
245 _aL’integrazione affettiva del sacerdote. 2a. ed.
250 _aBrescia
260 _aQueriniana
260 _c1967
300 _a136 p.
300 _c19,5 cm
490 _a1. Sacerdote e castità
490 _v1
942 _cBK
999 _c25403
_d25403